Design of rehabilitation services in psychiatric hospital settings/ (Record no. 797)

MARC details
000 -LEADER
fixed length control field 00706nam a2200217 a 4500
005 - DATE AND TIME OF LATEST TRANSACTION
control field 20260322212034.0
008 - FIXED-LENGTH DATA ELEMENTS--GENERAL INFORMATION
fixed length control field data
010 ## - LIBRARY OF CONGRESS CONTROL NUMBER
LC control number 84-060474
020 ## - INTERNATIONAL STANDARD BOOK NUMBER
International Standard Book Number 094359605X (pbk.)
020 ## - INTERNATIONAL STANDARD BOOK NUMBER
International Standard Book Number 9780943596051 (pbk.)
096 ## - LOCALLY ASSIGNED NLM-TYPE CALL NUMBER (OCLC)
Classification number WM 30 F451d 1984
001 - CONTROL NUMBER
control field data
100 1# - MAIN ENTRY--PERSONAL NAME
Personal name Fidler, Gail S.
245 10 - TITLE STATEMENT
Title Design of rehabilitation services in psychiatric hospital settings/
Statement of responsibility, etc. Gail S. Fidler.
260 ## - PUBLICATION, DISTRIBUTION, ETC.
Place of publication, distribution, etc. Laurel, Md.
Name of publisher, distributor, etc. Ramsco Pub. Co.
Date of publication, distribution, etc. c1984
300 ## - PHYSICAL DESCRIPTION
Extent xii, 130 p. :
Other physical details ill. ;
Dimensions 23 cm.
500 ## - GENERAL NOTE
General note Bibliography: p. 89-91.
650 02 - SUBJECT ADDED ENTRY--TOPICAL TERM
Topical term or geographic name entry element Hospitals, Psychiatric
General subdivision organization & administration
650 02 - SUBJECT ADDED ENTRY--TOPICAL TERM
Topical term or geographic name entry element Mental Disorders
General subdivision rehabilitation
650 02 - SUBJECT ADDED ENTRY--TOPICAL TERM
Topical term or geographic name entry element Mental Health Services
General subdivision organization & administration
Holdings
Withdrawn status Lost status Damaged status Not for loan Home library Current library Shelving location Date acquired Total checkouts Full call number Barcode Date last seen Price effective from Koha item type
        Riverside Riverside General stacks 22/03/2026   GEN BC0010820 22/03/2026 22/03/2026 Books